Statistics for Sports Played Without Balls

Click here to take the quiz!

General Stats

  • This quiz has been taken 83 times
  • The average score is 5 of 13

Answer Stats

#Answer% Correct
6Swimming
77%
4Track
65%
2Hockey
63%
9Boxing
49%
8Wrestling
49%
7Gymnastics
45%
10Skiing
44%
13Archery
25%
11Snowboarding
24%
3Figure Skating
17%
1Cheerleading
16%
5Cross Country
15%
12Badmitton
8%

Score Distribution

Percentile by Number Answered

Percent of People with Each Score

Your Score History

You have not taken this quiz